[Event "Dublin-ch Final Weekender 100th"]
[Site "Dublin"]
[Date "2021.08.22"]
[Round "5"]
[White "Fitzgerald, Niall"]
[Black "Kirulis, Edgars"]
[Result "1-0"]
[WhiteElo "1549"]
[BlackElo "1586"]
[PlyCount "35"]
[EventDate "2021.08.20"]
[EventType "swiss"]
[EventRounds "5"]
[EventCountry "IRL"]
[SourceTitle "CBM 204 Extra"]
[Source "ChessBase"]
[SourceDate "2021.11.30"]
[SourceVersion "1"]
[SourceVersionDate "2021.11.30"]
[SourceQuality "1"]

1. e4 c6 2. Nc3 d5 3. Nf3 Bg4 4. h3 Bh5 5. g4 Bg6 6. e5 h6 7. d4 e6 8. Ne2 Qc7 9. Nf4 Bh7 10. Be2 Nd7 11. 0-0 c5 12. c4 dxc4 13. d5 Nxe5 14. dxe6 Nd3 15. Bxd3 cxd3 16. Qa4+ Kd8 17. Ne5 f6 18. Nd5 1-0

[Event "Dublin-ch Final Weekender 100th"]
[Site "Dublin"]
[Date "2021.08.21"]
[Round "3"]
[White "O'Cuilleanain, Oisin"]
[Black "Kirulis, Edgars"]
[Result "1-0"]
[WhiteElo "1662"]
[BlackElo "1586"]
[PlyCount "107"]
[EventDate "2021.08.20"]
[EventType "swiss"]
[EventRounds "5"]
[EventCountry "IRL"]
[SourceTitle "CBM 204 Extra"]
[Source "ChessBase"]
[SourceDate "2021.11.30"]
[SourceVersion "1"]
[SourceVersionDate "2021.11.30"]
[SourceQuality "1"]

1. Nf3 d5 2. d4 Nf6 3. c4 c6 4. Qb3 e6 5. g3 Bd6 6. Bg2 0-0 7. 0-0 Nbd7 8. Rd1 Re8 9. Nc3 dxc4 10. Qxc4 Nd5 11. e4 Nxc3 12. bxc3 e5 13. dxe5 Bxe5 14. Nxe5 Rxe5 15. f4 Re8 16. e5 Qc7 17. Rb1 Nb6 18. Qd3 Bg4 19. Qd6 Qxd6 20. Rxd6 Be6 21. a4 Nxa4 22. Rxb7 Bd5 23. Bxd5 cxd5 24. Rxd5 Nxc3 25. Rdd7 Reb8 26. Bb2 Rxb7 27. Rxb7 Nd5 28. e6 f6 29. e7 Re8 30. Ba3 Kf7 31. Rxa7 Ke6 32. Ra6+ Kf7 33. f5 Rb8 34. Rd6 Nc7 35. Kg2 Ne8 36. Rd3 Rc8 37. g4 g6 38. fxg6+ hxg6 39. h4 Rc6 40. h5 gxh5 41. gxh5 Rb6 42. Rh3 Rb5 43. h6 Rg5+ 44. Kf2 Rg8 45. Kf3 Rh8 46. Ke4 Kg6 47. Bc1 Kf7 48. Bf4 Kxe7 49. Kf5 Kf7 50. Ra3 Rf8 51. Ra7+ Kg8 52. Kg6 f5 53. h7+ Kh8 54. Be5+ 1-0